Languages spoken in USA - Statistics

General Stats
  • This quiz has been taken 177 times
  • The average score is 6 of 8
Answer Stats
Hint Answer % Correct
80% American English
100%
12% Spanish
97%
0,4% French
89%
0,4% German
82%
0,9% Chinese
81%
0,4% Korean
60%
0,4% Vietnamese
49%
0,5% Tagalog
44%
No matching quizzes found
Score Distribution
Percent of People with Each Score
Percentile by Number Answered
Your Score History
You have not taken this quiz